| 000 | 00846nam a2200241 a 4500 | ||
|---|---|---|---|
| 001 | BRCA_996 | ||
| 005 | 20190320203233.0 | ||
| 008 | 040406s2002 txua---##b---#100-0#eng-# | ||
| 020 | _a080901147 | ||
| 040 |
_aDLC _cDLC _dDLC |
||
| 041 | _aeng | ||
| 041 | _aspa | ||
| 050 | 4 |
_aN6502 _b.C65 2002 |
|
| 245 | 1 | 0 |
_aCollecting Latin American art for the 21st century _c[edited by Mari Carmen Ramírez with Theresa Papanikolas]. |
| 260 |
_a[Houston, Texas] _bMuseum of Fine Arts : University of Texas _c2002 |
||
| 300 |
_a192 p. _bil. (algunas a color) _c22 cm. |
||
| 504 | _aIncluye referencias bibliográficas | ||
| 546 | _aTexto en inglés y español | ||
| 650 | 1 | 4 |
_aArte en América Latina _vCongresos _xColeccionistas y colecciones _93287 |
| 700 | 1 |
_aRamírez, Mari Carmen _d1955- _93288 |
|
| 700 | 1 |
_aPapanikolas, Theresa _93289 |
|
| 942 |
_2lcc _cB |
||
| 999 |
_c880 _d880 |
||